[Event "Sparkassen-Open A"]
[Site "Heusenstamm, Martinsee"]
[Date "2018.11.24"]
[Round "4.82"]
[White "Rieger, Mario"]
[Black "Werner, Dimo"]
[Result "1/2-1/2"]
[WhiteElo "1868"]
[BlackElo "1993"]
[PlyCount "31"]
[EventDate "2018.??.??"]
[WhiteTeam "MS Halver-SchalksmÃ¼hle"]
[BlackTeam "TSV Schott Mainz"]

1. d4 Nf6 2. Nf3 e6 3. c4 d5 4. Nc3 c6 5. Bg5 Be7 6. e3 h6 7. Bh4 Nh5 8. Bxe7
Qxe7 9. Rc1 Nd7 10. Bd3 Nhf6 11. O-O O-O 12. cxd5 exd5 13. Re1 Ne4 14. Qc2 Re8
15. h3 Ndf6 16. a3 1/2-1/2

[Event "Sparkassen-Open A"]
[Site "Heusenstamm, Martinsee"]
[Date "2018.11.24"]
[Round "4.83"]
[White "Altenbernd, Jannis-Domenik"]
[Black "Nickel, Jonas"]
[Result "1-0"]
[WhiteElo "1990"]
[BlackElo "1788"]
[PlyCount "127"]
[EventDate "2018.??.??"]
[WhiteTeam "SG BÃ¼nde"]
[BlackTeam "SG WÃ¤chtersbach"]

1. d4 d5 2. c4 c6 3. Nc3 e6 4. e3 Nf6 5. Nf3 Nbd7 6. cxd5 exd5 7. Bd3 Bd6 8.
O-O O-O 9. a3 Re8 10. Qc2 Qe7 11. b4 Ne4 12. b5 Ndf6 13. bxc6 bxc6 14. Bb2 Bg4
15. Ne5 c5 16. Nxd5 Nxd5 17. Bxe4 Be6 18. Bxh7+ Kh8 19. Be4 Rac8 20. Qe2 Qh4
21. Qf3 Nf6 22. Bf5 cxd4 23. exd4 Bd5 24. Qg3 Qxg3 25. hxg3 Rb8 26. Bc3 g6 27.
Bh3 Rb3 28. Bb4 Bxb4 29. axb4 Rxb4 30. Rxa7 Kg8 31. Rd1 Ne4 32. Bd7 Re7 33. Ra5
Bb3 34. Rd3 Be6 35. Ba4 Reb7 36. d5 Bf5 37. g4 Rb1+ 38. Bd1 Nc3 39. Rxc3 Rxd1+
40. Kh2 Be4 41. Rc8+ Kg7 42. Rd8 Kf6 43. Nc6 Rb2 44. Kg3 Rbd2 45. Rd6+ Kg7 46.
Ne7 Kf8 47. Ra7 Bxd5 48. Nxg6+ Kg7 49. Nf4 Bb3 50. Nh5+ Kf8 51. Rxd2 Rxd2 52.
f3 Bc4 53. Nf4 Kg7 54. g5 Ra2 55. Rxa2 Bxa2 56. Kg4 Bc4 57. Kf5 Bb3 58. Nh5+
Kg8 59. Kf6 Bc2 60. Ng3 Bd3 61. f4 Bc2 62. Nf5 Be4 63. g3 Bd5 64. Ne7+ 1-0

[Event "Sparkassen-Open A"]
[Site "Heusenstamm, Martinsee"]
[Date "2018.11.24"]
[Round "4.84"]
[White "Engel, Jan"]
[Black "Calvi, Stefan"]
[Result "0-1"]
[WhiteElo "1859"]
[BlackElo "1986"]
[PlyCount "92"]
[EventDate "2018.??.??"]
[WhiteTeam "Frankfurter TV"]
[BlackTeam "SF Frankfurt"]

1. e4 c5 2. Nf3 Nc6 3. Bb5 g6 4. Bxc6 dxc6 5. d3 Bg7 6. h3 b6 7. O-O Nh6 8. a4
a5 9. Bf4 f6 10. e5 O-O 11. Re1 Nf7 12. Qe2 g5 13. Bh2 Bf5 14. Nc3 h6 15. Nd2
Nxe5 16. Bxe5 fxe5 17. Nc4 Qc7 18. Nxe5 Rf6 19. Nc4 Re6 20. Qf3 Rf8 21. Rxe6
Bxe6 22. Qe4 Bf5 23. Qe2 Bd4 24. Rf1 Bxh3 25. Qh5 Bf5 26. Ne3 Bxe3 27. fxe3 Kg7
28. Ne4 Bg6 29. Qg4 Rxf1+ 30. Kxf1 Qe5 31. b3 Bxe4 32. dxe4 Kg6 33. Ke2 e6 34.
Qf3 Qd6 35. e5 Qxe5 36. Qxc6 Qd5 37. Qe8+ Kf5 38. Qf7+ Kg4 39. Qf2 Qf5 40. Qe1
Qxc2+ 41. Kf1 h5 42. Kg1 h4 43. Qf1 Qe4 44. Qe2+ Kf5 45. Qh5 Qxe3+ 46. Kf1 Kf4
0-1

[Event "Sparkassen-Open A"]
[Site "Heusenstamm, Martinsee"]
[Date "2018.11.24"]
[Round "4.85"]
[White "Krychevskiy, Dmytro"]
[Black "Midanka, Vladimir Josef"]
[Result "1/2-1/2"]
[WhiteElo "1986"]
[BlackElo "1771"]
[PlyCount "36"]
[EventDate "2018.??.??"]
[WhiteTeam "SV Oberursel"]
[BlackTeam "SC Brett vorm Kopp"]

1. e4 c5 2. Nf3 Nc6 3. d4 cxd4 4. Nxd4 Nf6 5. Nc3 e5 6. Ndb5 d6 7. Nd5 Nxd5 8.
Qxd5 Be7 9. Be3 a6 10. Nc3 Be6 11. Qd2 O-O 12. Be2 Qa5 13. O-O Qc7 14. Rad1
Rac8 15. f4 exf4 16. Bxf4 Ne5 17. Be3 Qc6 18. h3 b5 1/2-1/2

[Event "Sparkassen-Open A"]
[Site "Heusenstamm, Martinsee"]
[Date "2018.11.24"]
[Round "4.86"]
[White "Cortes Arias, Mariela"]
[Black "KÃ¼rschner, Matthias"]
[Result "0-1"]
[WhiteElo "1831"]
[BlackElo "1985"]
[PlyCount "62"]
[EventDate "2018.??.??"]
[WhiteTeam "AJEZA"]
[BlackTeam "SK Langen"]

1. d4 c5 2. dxc5 Qa5+ 3. Nc3 Qxc5 4. e4 Nf6 5. Bd3 a6 6. Nf3 d6 7. O-O g6 8.
Be3 Qc7 9. h3 Bg7 10. Qd2 O-O 11. Bh6 b5 12. Qg5 Bb7 13. Bxg7 Kxg7 14. Nh4 e6
15. Rae1 Nbd7 16. f4 Qc5+ 17. Qxc5 Nxc5 18. Re3 b4 19. e5 bxc3 20. exf6+ Kxf6
21. bxc3 Rab8 22. g4 Bc6 23. f5 gxf5 24. gxf5 Rg8+ 25. Kf2 e5 26. Rg1 Rxg1 27.
Kxg1 Rb2 28. Bc4 Rxc2 29. Bb3 Rb2 30. c4 Kg5 31. Nf3+ Kf4 0-1

[Event "Sparkassen-Open A"]
[Site "Heusenstamm, Martinsee"]
[Date "2018.11.24"]
[Round "4.87"]
[White "Steudel, Max"]
[Black "Krischak, Werner"]
[Result "1/2-1/2"]
[WhiteElo "1951"]
[BlackElo "1768"]
[PlyCount "87"]
[EventDate "2018.??.??"]
[WhiteTeam "SC Brett vorm Kopp"]
[BlackTeam "SK Marburg"]

1. e4 c6 2. Nf3 d5 3. exd5 cxd5 4. Ne5 Nf6 5. d4 e6 6. Nc3 Nc6 7. Bb5 Bd7 8.
O-O a6 9. Ba4 Be7 10. Be3 Qc7 11. f4 b5 12. Bb3 Na5 13. Ne2 Nc4 14. Bc1 O-O 15.
c3 b4 16. Bc2 bxc3 17. bxc3 Rab8 18. Rf3 Nd6 19. Rh3 g6 20. Ba3 Bb5 21. g4 Nfe4
22. Bxd6 Bxd6 23. Bxe4 dxe4 24. g5 f6 25. Ng4 Be7 26. gxf6 Bxf6 27. Qc2 Bd3 28.
Qd2 Qb7 29. Nc1 Bc4 30. Ne3 Bd5 31. Nb3 Bxb3 32. axb3 Qxb3 33. Rxa6 Qb1+ 34.
Nf1 Rb2 35. Qe3 Qc2 36. Rg3 Bh4 37. Rxe6 Bxg3 38. Qxg3 Kg7 39. d5 Rxf4 40. Re7+
Rf7 41. Rxf7+ Kxf7 42. Qc7+ Kf6 43. Qd6+ Kg7 44. Qe7+ 1/2-1/2

[Event "Sparkassen-Open A"]
[Site "Heusenstamm, Martinsee"]
[Date "2018.11.24"]
[Round "4.88"]
[White "Ohler, Julius"]
[Black "Schmidt, Max"]
[Result "0-1"]
[WhiteElo "1826"]
[BlackElo "1979"]
[PlyCount "100"]
[EventDate "2018.??.??"]
[WhiteTeam "SG Trier"]
[BlackTeam "Frankfurter TV"]

1. Nf3 Nf6 2. c4 c5 3. Nc3 e6 4. d4 cxd4 5. Nxd4 d6 6. g3 a6 7. Bg2 Qc7 8. Qd3
Nc6 9. Nxc6 bxc6 10. O-O Be7 11. e4 O-O 12. h3 Rb8 13. b3 a5 14. Rd1 h6 15. Bf4
e5 16. Be3 Ba6 17. Qc2 Nd7 18. Na4 Rfd8 19. Rac1 c5 20. Nc3 Bb7 21. Nb5 Qb6 22.
a4 Nf8 23. Qd3 Ne6 24. Rc2 Nd4 25. Bxd4 cxd4 26. h4 Qc6 27. f3 Qd7 28. Kh2 Bc8
29. Qd2 Ra8 30. Qf2 Rf8 31. g4 g6 32. Qg3 Qd8 33. Kh3 Kg7 34. f4 h5 35. f5
hxg4+ 36. Qxg4 Rh8 37. Kg3 Rxh4 38. Qe2 Bg5 39. Qf3 Rf4 40. Qd3 Qh8 41. Bh3
Qh4+ 42. Kg2 Rxe4 43. f6+ Bxf6 44. Bxc8 Rxc8 45. Nxd6 Re3 46. Qd2 Qg3+ 47. Kf1
Rf3+ 48. Qf2 Rh8 49. Ne4 Rh1+ 50. Ke2 Rxf2+ 0-1

[Event "Sparkassen-Open A"]
[Site "Heusenstamm, Martinsee"]
[Date "2018.11.24"]
[Round "4.89"]
[White "Teichert, Felix"]
[Black "Eurich, Jannik"]
[Result "1-0"]
[WhiteElo "1980"]
[BlackElo "1642"]
[PlyCount "106"]
[EventDate "2018.??.??"]
[WhiteTeam "Leegebrucher SF"]
[BlackTeam "SK Langen"]

1. Nf3 Nf6 2. c4 e6 3. Nc3 Bb4 4. g3 O-O 5. Bg2 d5 6. cxd5 exd5 7. d4 Ne4 8.
Qb3 Nc6 9. O-O Bxc3 10. bxc3 Na5 11. Qc2 Nc4 12. Bf4 c6 13. Ne5 Nxe5 14. Bxe5
Bf5 15. Qb2 b6 16. f3 Nd6 17. Bxd6 Qxd6 18. e4 Bg6 19. e5 Qd7 20. Rf2 c5 21. f4
cxd4 22. cxd4 Rac8 23. Re1 Rc4 24. Bf1 Rc7 25. Bg2 Rfc8 26. Qb3 Rc4 27. Rd2 Be4
28. Bxe4 dxe4 29. Qe3 Rd8 30. d5 Qf5 31. Rd4 Rxd4 32. Qxd4 e3 33. Re2 Qb1+ 34.
Kg2 Qb5 35. Rc2 e2 36. Kf2 Qb1 37. Rxe2 Qh1 38. d6 Qxh2+ 39. Kf3 Qh5+ 40. Ke3
Qh3 41. Qe4 Qxg3+ 42. Qf3 Qg1+ 43. Qf2 Qc1+ 44. Rd2 f6 45. Qf3 fxe5 46. Qd5+
Kh8 47. fxe5 Qc3+ 48. Ke2 Qg3 49. d7 Qg4+ 50. Ke3 Qh3+ 51. Qf3 Qe6 52. Qf4 Qh3+
53. Ke4 Qg2+ 1-0

[Event "Sparkassen-Open A"]
[Site "Heusenstamm, Martinsee"]
[Date "2018.11.24"]
[Round "4.90"]
[White "MÃ¼ller, Jochen"]
[Black "Senatov, Boris"]
[Result "1-0"]
[WhiteElo "1967"]
[BlackElo "1735"]
[PlyCount "33"]
[EventDate "2018.??.??"]
[WhiteTeam "Spvgg Stetten"]
[BlackTeam "SC Heusenstamm"]

1. e4 c5 2. a3 e6 3. b4 d5 4. exd5 exd5 5. Nf3 cxb4 6. Bb5+ Nc6 7. O-O Bd6 8.
Bb2 Nf6 9. Re1+ Kf8 10. axb4 Bxb4 11. Ne5 Qb6 12. Nxc6 Bg4 13. Qc1 bxc6 14.
Bxf6 cxb5 15. Qb2 Qxf6 16. Qxb4+ Kg8 17. Rxa7 1-0

[Event "Sparkassen-Open A"]
[Site "Heusenstamm, Martinsee"]
[Date "2018.11.24"]
[Round "4.91"]
[White "HÃ¶hne, Volkmar"]
[Black "Mehl, Ulrich"]
[Result "1/2-1/2"]
[WhiteElo "1960"]
[BlackElo "1629"]
[PlyCount "70"]
[EventDate "2018.??.??"]
[WhiteTeam "SV GroÃŸauheim"]
[BlackTeam "Berkershm"]

1. d4 d5 2. Nf3 Nf6 3. c4 e6 4. Nc3 Be7 5. Bg5 O-O 6. e3 b6 7. Rc1 Bb7 8. Bxf6
Bxf6 9. cxd5 exd5 10. Be2 Nd7 11. O-O Be7 12. Qa4 c6 13. Qb3 f5 14. Rfd1 Bd6
15. a4 Kh8 16. a5 Rc8 17. axb6 axb6 18. Ra1 Bb8 19. Ba6 Qc7 20. Bxb7 Qxb7 21.
Rdc1 Rce8 22. Qc2 Re6 23. Qd3 f4 24. e4 dxe4 25. Nxe4 Nf6 26. Nxf6 Rexf6 27.
Qe4 Qd7 28. Re1 h6 29. Rac1 g5 30. Rc2 g4 31. Ne5 Bxe5 32. Qxe5 g3 33. hxg3
fxg3 34. fxg3 Kg8 35. b4 Rf5 1/2-1/2

[Event "Sparkassen-Open A"]
[Site "Heusenstamm, Martinsee"]
[Date "2018.11.24"]
[Round "4.92"]
[White "Thomele, Michael"]
[Black "Kalepky, Helmut"]
[Result "1/2-1/2"]
[WhiteElo "1855"]
[BlackElo "1960"]
[PlyCount "59"]
[EventDate "2018.??.??"]
[WhiteTeam "SC Obernau"]
[BlackTeam "SF Heidesheim"]

1. e4 c5 2. Nf3 e6 3. d4 cxd4 4. Nxd4 Nf6 5. Bd3 a6 6. Nc3 Qc7 7. Qe2 Bc5 8.
Nb3 d6 9. Bf4 Bb4 10. Bd2 Nc6 11. a3 Bxc3 12. Bxc3 e5 13. f3 Be6 14. Nd2 d5 15.
b3 Rc8 16. Bb2 O-O 17. O-O d4 18. Rf2 Nd7 19. Raf1 f6 20. f4 Rfd8 21. Qh5 Bf7
22. Qh4 Nc5 23. Nf3 Nxd3 24. cxd3 exf4 25. Ne1 g5 26. Qh6 Bg6 27. g3 Ne5 28.
gxf4 Ng4 29. Qh3 Nxf2 30. Rxf2 1/2-1/2

[Event "Sparkassen-Open A"]
[Site "Heusenstamm, Martinsee"]
[Date "2018.11.24"]
[Round "4.93"]
[White "Skarke, Harald"]
[Black "Stork, Christopher"]
[Result "1-0"]
[WhiteElo "1958"]
[BlackElo "1721"]
[PlyCount "45"]
[EventDate "2018.??.??"]
[WhiteTeam "SF Neuberg"]
[BlackTeam "SV Oberursel"]

1. e4 c5 2. c3 Nf6 3. e5 Nd5 4. d4 e6 5. Nf3 Nc6 6. c4 Nb6 7. d5 Nb4 8. a3 Na6
9. d6 f6 10. Nc3 h6 11. Bd3 f5 12. g4 g6 13. Rg1 Kf7 14. h4 Rg8 15. Kf1 Rb8 16.
h5 gxh5 17. gxf5 Rxg1+ 18. Kxg1 Bg7 19. f6 Bxf6 20. exf6 Qxf6 21. Ne4 Qg7+ 22.
Kh2 Qg4 23. Ne5+ 1-0

[Event "Sparkassen-Open A"]
[Site "Heusenstamm, Martinsee"]
[Date "2018.11.24"]
[Round "4.94"]
[White "Hegel, Christoph"]
[Black "Bachmann, Nick"]
[Result "1/2-1/2"]
[WhiteElo "1803"]
[BlackElo "1957"]
[PlyCount "43"]
[EventDate "2018.??.??"]
[WhiteTeam "SC Peiting"]
[BlackTeam "SG WÃ¤chtersbach"]

1. e4 e6 2. Qe2 Be7 3. g3 d5 4. d3 Nf6 5. Bg2 O-O 6. Nf3 Nc6 7. Nc3 e5 8. h3
Re8 9. O-O h6 10. a3 Bf8 11. Nxd5 Nxd5 12. exd5 Qxd5 13. Bd2 Qe6 14. Bc3 Bd7
15. Rfe1 Bd6 16. Rad1 Rad8 17. d4 exd4 18. Qxe6 Rxe6 19. Nxd4 Nxd4 20. Bxd4
Rxe1+ 21. Rxe1 b6 22. Be3 1/2-1/2

[Event "Sparkassen-Open A"]
[Site "Heusenstamm, Martinsee"]
[Date "2018.11.24"]
[Round "4.95"]
[White "Blank, Stefan"]
[Black "Seifert, Norbert"]
[Result "0-1"]
[WhiteElo "1768"]
[BlackElo "1957"]
[PlyCount "124"]
[EventDate "2018.??.??"]
[WhiteTeam "SC Sulzbach"]
[BlackTeam "SF Neuberg"]

1. e4 c5 2. Nf3 Nc6 3. g3 g6 4. Bg2 Bg7 5. O-O e6 6. d3 Nge7 7. Nbd2 O-O 8. c3
d5 9. Qe2 Rb8 10. h4 b5 11. e5 b4 12. Re1 Qa5 13. c4 Rd8 14. Nf1 b3 15. a3 dxc4
16. dxc4 Nf5 17. Rd1 Ba6 18. Rxd8+ Rxd8 19. Bg5 Rc8 20. Bf6 Qa4 21. Rc1 Ncd4
22. Nxd4 Nxd4 23. Qe3 Nc2 24. Qg5 h6 25. Qg4 Qxc4 26. Qxc4 Bxc4 27. Nd2 Bd3 28.
Nxb3 c4 29. Na1 Nxa1 30. Rxa1 Rb8 31. Bf1 Rxb2 32. Rc1 Bf8 33. Bxd3 cxd3 34.
Rd1 d2 35. a4 Bb4 36. Bd8 Kf8 37. Kf1 Ke8 38. Bf6 Ra2 39. a5 Rxa5 40. Ke2 Rd5
41. g4 Bc3 42. f4 Kd7 43. h5 a5 44. Bg7 gxh5 45. gxh5 Ke7 46. Bxh6 f6 47. exf6+
Kxf6 48. Bg5+ Kf5 49. Rh1 a4 50. Kd1 Bh8 51. Rh3 e5 52. Bh6 exf4 53. Bf8 Kg4
54. Ra3 f3 55. Rxa4+ Kg3 56. Be7 Bc3 57. Bh4+ Kh3 58. Bf2 Kg2 59. Be3 f2 60.
Bxf2 Kxf2 61. Rh4 Re5 62. Rf4+ Kg3 0-1

[Event "Sparkassen-Open A"]
[Site "Heusenstamm, Martinsee"]
[Date "2018.11.24"]
[Round "4.96"]
[White "Wuerl, Roland"]
[Black "HÃ¤nselmann, Hendrik"]
[Result "1/2-1/2"]
[WhiteElo "1948"]
[BlackElo "1705"]
[PlyCount "41"]
[EventDate "2018.??.??"]
[WhiteTeam "SK Dieburg"]
[BlackTeam "Karlsruher SF"]

1. d4 Nf6 2. Nf3 e6 3. c4 b6 4. a3 Ba6 5. Qc2 Bb7 6. Nc3 c5 7. e4 cxd4 8. Nxd4
d6 9. Be2 Be7 10. Be3 O-O 11. O-O a6 12. f3 Qc7 13. Rac1 Nbd7 14. Qd2 Rfe8 15.
g4 Nf8 16. Rfd1 Ng6 17. Qe1 Nd7 18. g5 Qd8 19. Qg3 Rc8 20. Nc2 Qc7 21. Nd4
1/2-1/2

[Event "Sparkassen-Open A"]
[Site "Heusenstamm, Martinsee"]
[Date "2018.11.24"]
[Round "4.97"]
[White "Stuhlmann, Florian"]
[Black "Heppert, Lars"]
[Result "1-0"]
[WhiteElo "1774"]
[BlackElo "1940"]
[PlyCount "67"]
[EventDate "2018.??.??"]
[WhiteTeam "SC Lindenholzhausen"]
[BlackTeam "SK Neuburg"]

1. d4 d5 2. c4 e5 3. dxe5 d4 4. Nf3 Nc6 5. g3 Bb4+ 6. Nbd2 a5 7. a3 Bxd2+ 8.
Bxd2 Nge7 9. Bg2 Ng6 10. Bg5 Qd7 11. O-O O-O 12. Qb3 Ncxe5 13. Nxe5 Nxe5 14. c5
Qf5 15. Bf4 d3 16. e4 Qh5 17. Qd1 Bg4 18. f3 Be6 19. g4 Nxg4 20. fxg4 Bxg4 21.
Qxd3 Be2 22. Qd5 Qxd5 23. exd5 Bxf1 24. Kxf1 Rac8 25. b4 Ra8 26. b5 Rac8 27. d6
cxd6 28. Bxd6 Rfe8 29. Bxb7 Rcd8 30. Re1 Rxe1+ 31. Kxe1 Re8+ 32. Kf2 Re6 33. b6
Rf6+ 34. Bf3 1-0

[Event "Sparkassen-Open A"]
[Site "Heusenstamm, Martinsee"]
[Date "2018.11.24"]
[Round "4.98"]
[White "Mehlen, Theodor"]
[Black "Pade, Joachim"]
[Result "1-0"]
[WhiteElo "1919"]
[BlackElo "1630"]
[PlyCount "127"]
[EventDate "2018.??.??"]
[WhiteTeam "SC Matt im Park"]
[BlackTeam "SV Alsfeld"]

1. e4 c6 2. d4 d5 3. exd5 cxd5 4. Bd3 Nc6 5. c3 g6 6. Bf4 Bg7 7. Nf3 Bg4 8. Qb3
Qd7 9. Nbd2 a6 10. O-O Nf6 11. Rfe1 O-O 12. Ne5 Nxe5 13. Bxe5 Rac8 14. Rac1 Bh6
15. Qc2 Ne8 16. h3 Bf5 17. Rcd1 f6 18. Bg3 Ng7 19. Nb3 Rce8 20. Nc5 Qc8 21.
Bxf5 gxf5 22. Qb3 f4 23. Bh2 Qf5 24. c4 Rf7 25. cxd5 b5 26. Nxa6 Rd8 27. Nc7
Rd7 28. Ne6 Rxd5 29. Nxf4 Bxf4 30. Bxf4 h5 31. Bg3 e6 32. Re3 Rfd7 33. Rf3 Qg6
34. Qc3 Nf5 35. Bf4 Kh7 36. Rfd3 h4 37. g4 hxg3 38. Bxg3 Rg7 39. b3 Ne7 40. a4
bxa4 41. bxa4 f5 42. f4 e5 43. dxe5 Qb6+ 44. Kh2 Rc5 45. Qd4 Qc6 46. Qe3 Nd5
47. Qf3 Rc2+ 48. Kh1 Qh6 49. h4 Ne7 50. Rd6 Ng6 51. Kg1 Qxh4 52. Rd7 Qh3 53.
Rxg7+ Kxg7 54. Rd7+ Kh6 55. Rd1 Ra2 56. Re1 Rxa4 57. e6 Rxf4 58. Qe3 Qg4 59.
Rf1 Kh5 60. Rxf4 Nxf4 61. Qxf4 Qd1+ 62. Qf1 Qd4+ 63. Qf2 Qe4 64. Qe1 1-0

[Event "Sparkassen-Open A"]
[Site "Heusenstamm, Martinsee"]
[Date "2018.11.24"]
[Round "4.99"]
[White "Pohle, Saskia"]
[Black "Reinecke, Katharina"]
[Result "1-0"]
[WhiteElo "1656"]
[BlackElo "1917"]
[PlyCount "77"]
[EventDate "2018.??.??"]
[WhiteTeam "Muldental Wilkau-HaÃŸlau"]
[BlackTeam "SK Langen"]

1. e4 c6 2. d4 d5 3. Nd2 dxe4 4. Nxe4 Nf6 5. Nxf6+ exf6 6. Nf3 Bd6 7. Bc4 O-O
8. O-O Bg4 9. h3 Bh5 10. Re1 Nd7 11. c3 Nb6 12. Bb3 Nd5 13. Qd3 Bg6 14. Qd1 Bh5
15. Qd3 Qd7 16. Nh4 Rfe8 17. Bd2 Nf4 18. Bxf4 Bxf4 19. g4 Bg5 20. Qf5 Qd6 21.
Ng2 Bg6 22. Qf3 f5 23. gxf5 Qf6 24. Bc2 h5 25. h4 Bh6 26. Re5 Bh7 27. Rae1 Rxe5
28. dxe5 Qd8 29. Qxh5 Qd7 30. e6 fxe6 31. fxe6 Qe7 32. Bxh7+ Kxh7 33. Nf4 Qd6
34. Qg6+ Kh8 35. e7 Qxg6+ 36. Nxg6+ Kg8 37. e8=Q+ Rxe8 38. Rxe8+ Kf7 39. Re7+
1-0

[Event "Sparkassen-Open A"]
[Site "Heusenstamm, Martinsee"]
[Date "2018.11.24"]
[Round "4.100"]
[White "Stolle, Hendrik"]
[Black "Thomas, Tobias"]
[Result "0-1"]
[WhiteElo "1614"]
[BlackElo "1913"]
[PlyCount "82"]
[EventDate "2018.??.??"]
[WhiteTeam "TG Biberach"]
[BlackTeam "SK Langen"]

1. Nf3 c5 2. c4 Nc6 3. g3 Nf6 4. Bg2 g6 5. b3 Bg7 6. Bb2 O-O 7. O-O d6 8. d3
Bd7 9. Nbd2 e5 10. a3 a5 11. Qc2 Ne8 12. e3 Be6 13. Bc3 Nc7 14. Qb2 b5 15. Nxe5
Nxe5 16. Bxe5 dxe5 17. Bxa8 Nxa8 18. Ne4 Qe7 19. Qc2 f5 20. Nd2 f4 21. exf4
exf4 22. Rad1 f3 23. Rfe1 Bd4 24. Ne4 Nc7 25. Qd2 b4 26. axb4 axb4 27. Qg5 Qxg5
28. Nxg5 Bf5 29. Re7 Ne8 30. Nxh7 Rf7 31. Rxf7 Kxf7 32. Ng5+ Kg7 33. Nxf3 Bc3
34. Nh4 Be6 35. f4 Bg4 36. Rf1 Be2 37. Rc1 Bxd3 38. Rd1 Bd4+ 39. Kg2 Bc2 40.
Re1 Kf7 41. Nxg6 Bxg6 0-1

[Event "Sparkassen-Open A"]
[Site "Heusenstamm, Martinsee"]
[Date "2018.11.24"]
[Round "4.101"]
[White "Marchese, Gaspare"]
[Black "Werner, Rosalie"]
[Result "1/2-1/2"]
[WhiteElo "1908"]
[BlackElo "1584"]
[PlyCount "30"]
[EventDate "2018.??.??"]
[WhiteTeam "SC Matt im Park"]
[BlackTeam "VSG Offenbach"]

1. e4 e6 2. d4 d5 3. Nc3 Nf6 4. e5 Nfd7 5. Nf3 c5 6. dxc5 Nc6 7. Bf4 Bxc5 8.
Bd3 f6 9. exf6 Nxf6 10. Qe2 O-O 11. O-O-O Qa5 12. Kb1 Bd7 13. Ne5 Rae8 14. g4
Nd4 15. Qd2 Nc6 1/2-1/2

[Event "Sparkassen-Open A"]
[Site "Heusenstamm, Martinsee"]
[Date "2018.11.24"]
[Round "4.102"]
[White "Feicht, Arno"]
[Black "Bobrowski, Damian"]
[Result "1/2-1/2"]
[WhiteElo "1907"]
[BlackElo "1586"]
[PlyCount "94"]
[EventDate "2018.??.??"]
[WhiteTeam "SV Alsfeld"]
[BlackTeam "Sandecja Nowy Sacz"]

1. e4 e6 2. d4 d5 3. Nc3 dxe4 4. Nxe4 Bd7 5. Nf3 Bc6 6. Bd3 Nd7 7. O-O Ngf6 8.
Nxf6+ Qxf6 9. c3 Bxf3 10. Qxf3 Qxf3 11. gxf3 Nf6 12. f4 g6 13. Kg2 Bd6 14. Kf3
O-O-O 15. Be3 Nd7 16. b4 Nb6 17. a3 f6 18. c4 Be7 19. c5 Nd5 20. Rfc1 Rhf8 21.
Bc4 c6 22. b5 e5 23. bxc6 bxc6 24. Ba6+ Kd7 25. Bf1 Nxe3 26. fxe3 exd4 27. exd4
f5 28. d5 cxd5 29. a4 Rb8 30. Bb5+ Kc7 31. Ra2 Rf6 32. Re2 Bf8 33. Re5 a6 34.
Bxa6 Rxa6 35. Rxd5 Rb3+ 36. Kg2 Rxa4 37. c6 Ra2+ 38. Kh1 Bd6 39. Rxd6 Kxd6 40.
c7 Ra8 41. c8=Q Rxc8 42. Rxc8 Rb7 43. Kg2 Kd5 44. Kg3 Rb3+ 45. Kh4 Rb2 46. Kg3
Rb3+ 47. Kh4 Rb2 1/2-1/2

[Event "Sparkassen-Open A"]
[Site "Heusenstamm, Martinsee"]
[Date "2018.11.24"]
[Round "4.103"]
[White "Renk, Jonas"]
[Black "Lotz, Ralf"]
[Result "0-1"]
[WhiteElo "1607"]
[BlackElo "1907"]
[PlyCount "84"]
[EventDate "2018.??.??"]
[WhiteTeam "SK Langen"]
[BlackTeam "SC Obertshausen"]

1. e4 c6 2. d4 d5 3. exd5 cxd5 4. Bd3 Nf6 5. Bf4 Nc6 6. c3 Bg4 7. Qb3 Qc8 8.
Nd2 e6 9. Ngf3 Be7 10. O-O O-O 11. Rac1 Nh5 12. Be3 Bd6 13. h3 Bxf3 14. Nxf3
Nf4 15. Bxf4 Bxf4 16. Rce1 Qd7 17. Qd1 a6 18. Ne5 Bxe5 19. dxe5 Qc7 20. Qh5 g6
21. Qg5 b5 22. h4 Qe7 23. Qg3 Kh8 24. h5 gxh5 25. Qh2 h4 26. Re3 Rg8 27. Rh3
Nxe5 28. Qxe5+ f6 29. Qh2 e5 30. Bf5 Rg5 31. Bxh7 Kxh7 32. Rxh4+ Kg6 33. Rh6+
Kf7 34. Rh7+ Rg7 35. Qh5+ Kf8 36. Rh8+ Rg8 37. Re1 Qg7 38. Rxg8+ Qxg8 39. Re3
Ra7 40. Qh4 Qg6 41. Rg3 Qb1+ 42. Kh2 Rh7 0-1

[Event "Sparkassen-Open A"]
[Site "Heusenstamm, Martinsee"]
[Date "2018.11.24"]
[Round "4.104"]
[White "HÃ¶lÃŸ, Manuel"]
[Black "Bernhart, Joseph"]
[Result "0-1"]
[WhiteElo "1724"]
[BlackElo "1952"]
[PlyCount "120"]
[EventDate "2018.??.??"]
[WhiteTeam "SSG Hungen-Lich"]
[BlackTeam "SG Kaiserslautern"]

1. e4 d5 2. exd5 Qxd5 3. Nc3 Qd8 4. d4 Nf6 5. Nf3 Bg4 6. Be2 e6 7. O-O c6 8.
Ne5 Bxe2 9. Nxe2 Nbd7 10. f4 c5 11. Be3 cxd4 12. Bxd4 Bc5 13. Rf3 Nxe5 14. fxe5
Bxd4+ 15. Nxd4 Nd7 16. Qe2 Qc7 17. Re1 O-O 18. Rh3 Rfd8 19. Nf3 Rac8 20. c3 Nf8
21. Rf1 Qc4 22. Qxc4 Rxc4 23. Ng5 Rc7 24. Rhf3 Rdd7 25. Ne4 Ng6 26. Rg3 h6 27.
Nd6 Kh7 28. h4 Re7 29. Re1 Nxh4 30. Re4 Ng6 31. Reg4 Rc5 32. Nxf7 Rxf7 33. Rxg6
Rxe5 34. R6g4 Re1+ 35. Kh2 Re2 36. Rb4 e5 37. Kh3 e4 38. Kg4 b6 39. a4 Rff2 40.
b3 g5 41. Kh3 Rf4 42. Rg4 Re3+ 43. g3 Kg6 44. Rd4 Kh5 45. Rxf4 gxf4 46. Kh2 Kg4
47. gxf4 Kxf4 48. Rc4 Re2+ 49. Kh3 Kf3 50. Rc7 Re1 51. Rf7+ Ke2 52. Rxa7 Rf1
53. Kg2 Rf2+ 54. Kg3 Rf3+ 55. Kg4 Rxc3 56. Kf4 e3 57. Rh7 Rxb3 58. Rxh6 Rb4+
59. Ke5 Ke1 60. Rh1+ Kd2 0-1

[Event "Sparkassen-Open A"]
[Site "Heusenstamm, Martinsee"]
[Date "2018.11.24"]
[Round "4.105"]
[White "Rosenberger, Frank"]
[Black "Mager, Thomas"]
[Result "1/2-1/2"]
[WhiteElo "2008"]
[BlackElo "1854"]
[PlyCount "111"]
[EventDate "2018.??.??"]
[WhiteTeam "SK Gernsheim"]
[BlackTeam "vereinslos"]

1. e4 e6 2. d4 d5 3. Nc3 Nc6 4. Nf3 Nf6 5. e5 Ne4 6. Bd3 Bb4 7. Bd2 Nxd2 8.
Qxd2 Bd7 9. a3 Be7 10. Ne2 f6 11. Qe3 fxe5 12. Nxe5 Nxe5 13. Qxe5 O-O 14. O-O
Bf6 15. Qe3 Qe7 16. f4 b6 17. Rae1 c5 18. c3 Rae8 19. Kh1 Qd6 20. Ng1 cxd4 21.
cxd4 b5 22. Nf3 b4 23. Ne5 bxa3 24. bxa3 g6 25. Be2 Bxe5 26. fxe5 Qe7 27. h3
Rxf1+ 28. Rxf1 Rf8 29. Rxf8+ Qxf8 30. Qg5 Kg7 31. Bg4 h6 32. Qe3 Bc8 33. Kg1
Bd7 34. Qg3 Qf7 35. Be2 Be8 36. h4 Qe7 37. Bd1 Bf7 38. Bc2 Qc7 39. Qd3 Qe7 40.
g3 h5 41. Kh2 Be8 42. Qe3 Qc7 43. Bd1 Qe7 44. Be2 Qf8 45. Kg2 Qe7 46. Qg5 Qxg5
47. hxg5 Ba4 48. g4 hxg4 49. Bxg4 Kf7 50. Kf2 a5 51. Ke3 Ke7 52. Kd2 Kd7 53.
Kc3 Ke7 54. Be2 Ke8 55. Bd3 Kf7 56. Bc2 1/2-1/2

[Event "Sparkassen-Open A"]
[Site "Heusenstamm, Martinsee"]
[Date "2018.11.24"]
[Round "4.106"]
[White "FrÃ¶hlich-Dill, Astrid"]
[Black "Reinhard, Ralf-Peter"]
[Result "1/2-1/2"]
[WhiteElo "1796"]
[BlackElo "1943"]
[PlyCount "43"]
[EventDate "2018.??.??"]
[WhiteTeam "SV Hofheim"]
[BlackTeam "vereinslos"]

1. d4 d5 2. Nf3 Nf6 3. Bf4 e6 4. a3 c5 5. dxc5 Bxc5 6. e3 O-O 7. b4 Be7 8. c4
b6 9. Nc3 Bb7 10. cxd5 Nxd5 11. Nxd5 Bxd5 12. Be2 Nd7 13. O-O Nf6 14. Rc1 Bd6
15. Bxd6 Qxd6 16. Ba6 Rad8 17. h3 Qb8 18. Qe2 Bb7 19. Bxb7 Qxb7 20. Rc2 h6 21.
Rfc1 Rc8 22. Nd4 1/2-1/2

[Event "Sparkassen-Open A"]
[Site "Heusenstamm, Martinsee"]
[Date "2018.11.24"]
[Round "4.107"]
[White "Deppe, Leo Max"]
[Black "Lanz, Udo"]
[Result "1-0"]
[WhiteElo "1895"]
[BlackElo "1837"]
[PlyCount "61"]
[EventDate "2018.??.??"]
[WhiteTeam "SC Bad Soden"]
[BlackTeam "VSG Offenbach"]

1. d4 g6 2. c4 Bg7 3. Nc3 c5 4. d5 Bxc3+ 5. bxc3 d6 6. Nf3 Bf5 7. Bf4 Nf6 8. h3
h5 9. Nh4 Bc8 10. Qd3 Rg8 11. Bh2 Kf8 12. f4 Nbd7 13. e4 Kg7 14. e5 Nh7 15. e6
Ndf8 16. f5 fxe6 17. fxe6 Qe8 18. Be2 Kh8 19. O-O Nf6 20. Rf2 N8h7 21. Raf1 b6
22. g4 g5 23. Nf5 h4 24. Nxd6 exd6 25. Rxf6 Nxf6 26. Rxf6 Rg7 27. Bxd6 Kg8 28.
Qf5 Ba6 29. e7 Rxe7 30. Bxe7 Qxe7 31. Qxg5+ 1-0